Návrh LQR/LTR regulátora

Uložené v:
Podrobná bibliografia
Hlavný autor: Pituch, Ján, 1987- (Autor)
Ďalší autori: Kozáková, Alena (Vedúci práce)
Médium: Rukopis Kniha
Jazyk:Slovak
Vydavateľské údaje: Bratislava : STU v Bratislave FEI, 2012
Predmet:
On-line prístup:VAIS
Tagy: Pridať tag
Žiadne tagy, Buďte prvý, kto otaguje tento záznam!

MARC

LEADER 00000ntm a22000003a 4500
001 stu252112
005 20160526110924.4
008 120720s2012----xo------------------slo-d
040 |a STU  |b slo 
041 0 |a slo 
044 |a xo 
100 1 |a Pituch, Ján,  |d 1987-  |4 aut  |u E  |T FEI Fakulta elektrotechniky a informatiky  |X 51299  |U E  |Y 30  |7 A000051299 
242 0 0 |a Design of LQR/LTR regulator  |y eng 
245 1 |a Návrh LQR/LTR regulátora 
260 |a Bratislava :  |b STU v Bratislave FEI,  |c 2012 
300 |a 56 s  |c CD-ROOM 
650 7 |a Cybernetics  |2 estusub 
650 7 |a LQR  |2 estusub 
700 1 |a Kozáková, Alena  |4 ths  |u E010  |T FEI Ústav riadenia a priemyselnej informatiky  |X 4939  |U E010  |Y E010  |7 A000004939 
856 4 |a info a plný text  |u http://is.stuba.sk/zp/portal_zp.pl?podrobnosti=81518  |3 VAIS 
996 |b 284EP10272  |c E*DIPL-10272  |l EE23  |s P  |a 0  |w stu252112_0001